000 00609nam a2200181 a 4500
001 000036279
005 20200930075638.0
008 120112s1998 mx 000 0 spa d
020 _a9688593273
040 _aDO-SdBNP
_bspa
_cBNPHU
082 _axxx
_bL864
100 1 _aLópez Arpitarte, Eduardo
_962397
245 1 3 _aLa ética cristiana :
_b¿fe o razón? discusiones en torno a su fundamento /
_cEduardo López Azpitarte.
260 _aMéxico :
_bUniversidad Iberoamericana,
_c1998.
300 _a59 p. ;
_c21 cm.
490 1 _aCuadernos de Fe y Cultura
_v7
830 0 _aCuadernos de Fe y Cultura
_v7
_956091
999 _c35770
_d35770